Directori dels Arxius de Catalunya (1999)
Descripción Física:
153 p. ; 18 cm
Materias:
Arxius -- Catalunya -- Directoris
MARC
| LEADER | 00000nam a2200000Ia 4500 | ||
|---|---|---|---|
| 001 | 12159 | ||
| 008 | 160829s1998 xx 000 0 cat d | ||
| 080 | |a A-2-388 | ||
| 245 | |a Directori dels Arxius de Catalunya (1999) | ||
| 250 | |a 2a ed. | ||
| 260 | |a Barcelona : |b Generalitat de Catalunya. Departament de Cultura, |c 1998 | ||
| 300 | |a 153 p. ; |c 18 cm | ||
| 590 | |a A la part superior de la portada: Direcció General del Patrimoni Cultural. Servei d'Arxius. | ||
| 650 | |a Arxius |x Catalunya |x Directoris |9 28541 | ||
| 710 | 2 | |a Catalunya. |b Departament de Cultura |9 52819 | |
| 901 | |a Arxiu | ||
| 942 | |n 1 | ||
| 952 | |0 0 |1 0 |4 0 |6 A2388 |7 1 |9 44858 |a Arxiu |b Arxiu |d 2016-12-01 |l 0 |o A-2-388 |p 12159 |r 2016-12-01 00:00:00 |w 2016-12-01 |y ARXIU | ||
| 999 | |c 47456 |d 47456 | ||